Discrete Structures (Record no. 312737)

MARC details
000 -LEADER
fixed length control field 00390nam a2200145Ia 4500
008 - FIXED-LENGTH DATA ELEMENTS--GENERAL INFORMATION
fixed length control field 230718s9999 xx 000 0 und d
041 ## - LANGUAGE CODE
Language code of text/sound track or separate title eng
082 ## - DEWEY DECIMAL CLASSIFICATION NUMBER
Classification number 519.4
Item number GAR
100 ## - MAIN ENTRY--PERSONAL NAME
Personal name Garje G.V.
9 (RLIN) 136304
245 ## - TITLE STATEMENT
Title Discrete Structures
260 ## - PUBLICATION, DISTRIBUTION, ETC. (IMPRINT)
Name of publisher, distributor, etc. Techmax Publication
365 ## - TRADE PRICE
Currency code Rs.
Price amount 265.00
700 ## - ADDED ENTRY--PERSONAL NAME
Personal name Garje G.V. & Deshmukh V.S.
9 (RLIN) 189010
906 ## - LOCAL DATA ELEMENT F, LDF (RLIN)
d DONATED BY TOKEKAR MADAM
c COMP
Holdings
Withdrawn status Lost status Damaged status Not for loan Home library Current library Date acquired Vendor Budget Code Cost, normal purchase price Bill number Full call number Barcode Date last seen Cost, replacement price Bill Date Koha item type Original Barcode
Withdrawn       Cummins College of Engineering for Women Pune Cummins College of Engineering for Women Pune 04/03/2006 Technical Book Services COMP 265.00 DONATED BY TOKEKAR MADAM 519.4 CCEP-BK-23944 18/07/2023 265.00 04/03/2006 Books 023944